| 000 | 00876nam a22002897a 4500 | ||
|---|---|---|---|
| 001 | 6521 | ||
| 003 | FISKH | ||
| 005 | 20250508083454.0 | ||
| 008 | 250508b cb ||||| |||| 00| 0 eng d | ||
| 020 | _a9780590907170 | ||
| 040 |
_aFISKH _beng _cFISKH _dFISKH |
||
| 050 | _aPZ7.R982 V | ||
| 082 | _aPZ7.R982 V | ||
| 100 |
_aRylant, Cynthia _d(1954-) |
||
| 245 |
_aThe Van Gogh Cafe / _cCynthia Rylant |
||
| 250 | _aThis edition first published in 1998 | ||
| 260 |
_aOrlando : _bScholastic, _c1995 |
||
| 300 |
_a53 pages : _c20 cm |
||
| 505 | _aT | ||
| 520 | _aThe Van Gogh Cafe, located in Flowers, Kansas, has magic in its walls, causing strange and mysterious events to occur there. | ||
| 521 | 8 |
_a810
_bLexile |
|
| 521 | 8 |
_aT
_bRaz-Plus |
|
| 650 |
_2Questioning _aRealistic fiction |
||
| 650 |
_2Juvenile _aKansas |
||
| 942 |
_2ddc _cBK _n0 |
||
| 999 |
_c6521 _d6521 |
||